Multifunctional acrylates as antireversion agents in sulfur cured systems (Record no. 63337)

MARC details
000 -LEADER
fixed length control field 00420nam a2200145Ia 4500
100 ## - MAIN ENTRY--AUTHOR NAME
Personal name Henning Steven K
245 #0 - TITLE STATEMENT
Title Multifunctional acrylates as antireversion agents in sulfur cured systems
260 ## - PUBLICATION, DISTRIBUTION, ETC. (IMPRINT)
Name of publisher Rubber World
Year of publication 2006
300 ## - PHYSICAL DESCRIPTION
Number of Pages 28-35,81
650 ## - SUBJECT ADDED ENTRY--TOPICAL TERM
Topical Term Antireversion agents
650 ## - SUBJECT ADDED ENTRY--TOPICAL TERM
Topical Term MUltifunctional acrylates
700 ## - ADDED ENTRY--PERSONAL NAME
Personal name Shapot Scott A
942 ## - ADDED ENTRY ELEMENTS (KOHA)
Koha item type Journals
Holdings
Withdrawn status Lost status Damaged status Not for loan Home library Current library Shelving location Date acquired Serial Enumeration / chronology Koha item type
      Journals RRII Library RRII Library Rubber chemistry 01/01/2021 Volume 234, Issue 5 Journals